00405nam a2200121Ia 4500008004100000245003600041245004000077260000900117650001400126856005100140999001900191952007300210171211s9999 xx 000 0 und d aSuperare l'eiaculazione precoce cBarry W. Mc Carthy, Michael E. Metz c2000 xSexuality uhttp://down.ebook777.com/057/9782212555202.pdf c350740d350740 001040aCLbCLd2017-12-11l0r2017-12-11 00:00:00w2017-12-11yCBE